Theory and problems of general topology / (Record no. 106)
[ view plain ]
| 000 -LEADER | |
|---|---|
| fixed length control field | 00774nac a22002295a 4500 |
| 008 - FIXED-LENGTH DATA ELEMENTS--GENERAL INFORMATION | |
| fixed length control field | 160927s2004 ii fr 001 0 eng d |
| 020 ## - INTERNATIONAL STANDARD BOOK NUMBER | |
| International Standard Book Number | 0070587213 |
| 040 ## - CATALOGING SOURCE | |
| Original cataloging agency | EG-ScBUE |
| Language of cataloging | eng |
| Transcribing agency | EG-ScBUE |
| 082 04 - DEWEY DECIMAL CLASSIFICATION NUMBER | |
| Classification number | 514.076 |
| Item number | LIP |
| Edition number | 22 |
| 245 10 - TITLE STATEMENT | |
| Title | Theory and problems of general topology / |
| Remainder of title | by Semour Lipschutz. |
| 246 33 - VARYING FORM OF TITLE | |
| Title proper/short title | Schaum's outline of theory and problems of general topology |
| 260 ## - | |
| -- | New Delhi : |
| -- | Tata McGraw-Hill, |
| -- | 2004. |
| 300 ## - PHYSICAL DESCRIPTION | |
| Extent | 239 p. : |
| Other physical details | ill. ; |
| Dimensions | 28 cm. |
| 336 ## - CONTENT TYPE | |
| Source | rdacontent |
| Content type term | text |
| Content type code | txt |
| 337 ## - MEDIA TYPE | |
| Media type term | unmediated |
| Source | rdamedia |
| Media type code | n |
| 338 ## - CARRIER TYPE | |
| Carrier type term | volume |
| Carrier type code | nc |
| Source | rdacarrier |
| 500 ## - GENERAL NOTE | |
| General note | Index : p. 235-239. |
| 650 #7 - SUBJECT ADDED ENTRY--TOPICAL TERM | |
| Topical term or geographic name as entry element | Topology |
| Form subdivision | Problems, exercises, etc. |
| Source of heading or term | BUEsh |
| 9 (RLIN) | 41254 |
| 651 ## - SUBJECT ADDED ENTRY--GEOGRAPHIC NAME | |
| Source of heading or term | BUEsh |
| 653 ## - INDEX TERM--UNCONTROLLED | |
| Resource For college | Engineering, Electrical |
| Arrived date list | September2016 |
| 942 ## - ADDED ENTRY ELEMENTS (KOHA) | |
| Source of classification or shelving scheme | Dewey Decimal Classification |
| Classification part | RDA-MOD |
| Withdrawn status | Lost status | Source of classification or shelving scheme | Damaged status | Not for loan | Home library | Current library | Shelving location | Date acquired | Source of acquisition | Cost, normal purchase price | Total Checkouts | Total Renewals | Full call number | Barcode | Date last seen | Cost, replacement price | Koha item type | Date checked out |
|---|---|---|---|---|---|---|---|---|---|---|---|---|---|---|---|---|---|---|
| Dewey Decimal Classification | Central Library | Central Library | First floor | 22/12/2005 | Purchase | 120.00 | 2 | 1 | 514.076 LIP | 000004669 | 15/07/2025 | 150.00 | Book - Borrowing | |||||
| Dewey Decimal Classification | Central Library | Central Library | First floor | 22/12/2005 | Purchase | 120.00 | 2 | 17 | 514.076 LIP | 000004668 | 15/07/2025 | 150.00 | Book - Borrowing | 24/05/2009 | ||||
| Dewey Decimal Classification | Central Library | Central Library | First floor | 22/12/2005 | Purchase | 120.00 | 4 | 8 | 514.076 LIP | 000003271 | 15/07/2025 | 150.00 | Book - Borrowing | 28/01/2009 |